Stability and complexity in model ecosystems

Αποθηκεύτηκε σε:
Λεπτομέρειες βιβλιογραφικής εγγραφής
Κύριος συγγραφέας: May, Robert M. (Robert McCredie), 1936-
Μορφή: Βιβλίο
Γλώσσα:English
Δημοσίευση: Princeton : Princeton University Press, 1974, c1973
Έκδοση:2nd ed.
Σειρά:Monographs in population biology ; ; 6
Θέματα:
Ετικέτες: Προσθήκη ετικέτας
Δεν υπάρχουν, Καταχωρήστε ετικέτα πρώτοι!

MARC

LEADER 00000cam a2200000 i 4500
001 1/70914
008 940905r19741973 eng d
020 |a 0-691-08125-5 
035 |l 10002637 
040 |a GR-MY-UA  |b gre  |e aacr 
041 0 |a eng 
082 0 |a 574.5240724 
100 1 |a May, Robert M.   |q (Robert McCredie),   |d 1936- 
245 1 0 |a Stability and complexity in model ecosystems /  |c Robert M. May 
250 |a 2nd ed. 
260 |a Princeton :   |b Princeton University Press,   |c 1974, c1973 
300 |a ix, 235 σ.;  |b εικ.;  |c 23 εκ. 
490 1 |a Monographs in population biology  |v ; 6 
504 |a Βιβλιογραφία: σ. 211-228 
650 0 0 |a Ecology  |x Mathematical models. 
650 0 0 |a Animal populations  |x Mathematical models. 
650 0 0 |a Stability. 
830 0 |a Monographs in population biology ;  |v ; 6 
852 |a INST  |b LESVOS  |e 19940905  |h 574.5240724 MAY  |p 005100003717  |q 005100003717  |t BK  |y 0 
852 |a INST  |b SAMOS  |e 20120316  |h 577.5240724 MAY  |p 005300034014  |q 005300034014  |t BK  |y 0 
901 |a BIBL3-2012-1 
909 |a Σ  |b 172132 
909 |a Λ  |b 01822